000 00616nam a22001937a 4500
999 _c8491
_d8491
003 AR-CdUCM
008 190325b ||||| |||| 00| 0 spa d
040 _aMUNICIPALIDAD PROVINCIAL DEL CUSCO
_cBIBLIOTECA MUNICIPAL DEL CUSCO
082 _a301.1553 /
_bS 9
245 _aEl liderazgo étnico en América /
260 _aMéxico :
_bNoema editores,
_c1981.
300 _a206 páginas ;
_c21 cm.
500 _aTítulo original: Ethnic Leadership in America
650 _aLiderazgo
_93124
650 _aMinorías-Ensayos
_923806
650 _aConferencias
_9376
700 _aHigham, John
_923807
942 _2ddc
_cLIBROS